Geografía del medio ambiente : el sistema GTP : geosistema, territorio y paisaje /

Esta obra es un trabajo compartido, de amplio aliento, que debe mucho a la permanencia y al espíritu de un equipo constituido por administrativos, investigadores, enseñantes, ingenieros y técnicos del CIMA (Centre interdisciplinaire de recherches sur les milieux maturels et laménagement rural), crea...

Full description

Bibliographic Details
Main Author: Bertrand, Claude
Other Authors: Bertrand, Georges, Rodríguez Martínez, Francisco (trad.)
Format: Libro
Language:Spanish
Published: Granada Universidad de Granada 2006
Series:Manuales humanidades/geografía 40
Subjects:
Online Access:

MARC

LEADER 00000cam a2200000 a 4500
001 022140
003 UAHC_CL
005 20170803122100.0
008 100624s2006 sp m 000 spa
020 |a 9788433845375 
040 |a UAHC_CL  |c UAHC_CL  |d UAHC_CL 
082 0 4 |a 910.02  |b B548  |2 20 
100 1 |a Bertrand, Claude 
245 1 0 |a Geografía del medio ambiente :  |b el sistema GTP : geosistema, territorio y paisaje /  |c Claude Bertrand, Georges Bertrand ; [editado y traducido por] Francisco Rodríguez Martínez. 
246 2 |a El sistema GTP : geosistema, territorio y paisaje 
260 |b Universidad de Granada  |a Granada  |c 2006 
300 |a 403 p.  |b il  |e 1 cd rom 
490 0 |a Manuales humanidades/geografía  |v 40 
520 |a Esta obra es un trabajo compartido, de amplio aliento, que debe mucho a la permanencia y al espíritu de un equipo constituido por administrativos, investigadores, enseñantes, ingenieros y técnicos del CIMA (Centre interdisciplinaire de recherches sur les milieux maturels et laménagement rural), creado en 1972, convertido luego en GÉODE (Géographie de lenvironnement) de la Universidad de Toulouse-Le Mirail y del CNRS (UMR 5602). En colaboración con otros investigadores geógrafos y de otras disciplinas, franceses y extranjeros, muy particularmente los co-firmantes de artículos. La contribución de cada uno de nosotros es solidaria del conjunto. En prueba de amistad. Esta obra constituye un auténtico hito en las publicaciones geográficas recientes en nuestra lengua. 
521 |a Geografia Física 
521 |a Taller III 
650 4 |a GEOGRAFIA 
650 4 |a MEDIO AMBIENTE 
653 |a PEDAGOGIA EN HISTORIA Y CIENCIAS SOCIALES 
653 |a GEOGRAFIA 
658 |a González, Pilar 
700 1 |a Bertrand, Georges 
700 1 |a Rodríguez Martínez, Francisco  |e trad. 
900 |a 910.02 BER 
942 |c BK 
952 |0 0  |1 0  |4 0  |6 910_020000000000000_BER  |7 0  |8 General  |9 43949  |a BR  |b BR  |c General  |d 2017-08-03  |l 2  |m 3  |o 910.02 BER  |p 1400146  |r 2026-01-14 00:00:00  |s 2018-04-23  |t 1  |w 2017-08-03  |y BK 
952 |0 0  |1 0  |4 0  |6 CD_198  |7 0  |8 General  |9 43950  |a BC  |b BC  |c General  |d 2017-08-03  |l 2  |m 3  |o CD-198  |p 10617  |r 2018-05-03 00:00:00  |s 2018-04-23  |t 1  |w 2017-08-03  |y BK 
952 |0 0  |1 0  |4 0  |6 910_020000000000000_BER  |7 0  |8 General  |9 43951  |a BC  |b BC  |c General  |d 2017-08-03  |l 1  |o 910.02 BER  |p 1400147  |r 2026-01-13 00:00:00  |s 2023-07-04  |t 2  |w 2017-08-03  |y BK 
952 |0 0  |1 0  |4 0  |6 910_020000000000000_BER  |7 0  |8 General  |9 43952  |a BC  |b BC  |c General  |d 2017-08-03  |l 1  |o 910.02 BER  |p 1400148  |r 2026-01-13 00:00:00  |s 2019-07-23  |t 3  |w 2017-08-03  |y BK 
952 |0 0  |1 0  |4 0  |6 910_020000000000000_BER  |7 0  |8 General  |9 43953  |a BC  |b BC  |c General  |d 2017-08-03  |o 910.02 BER  |p 1400210  |r 2026-01-13 00:00:00  |t 1  |w 2017-08-03  |y BK 
952 |0 0  |1 0  |4 0  |6 CD_198  |7 0  |8 General  |9 43954  |a BC  |b BC  |c General  |d 2017-08-03  |l 1  |o CD-198  |p 10619  |r 2023-11-25 00:00:00  |s 2023-07-04  |t 2  |w 2017-08-03  |y BK 
952 |0 0  |1 0  |4 0  |6 CD_198  |7 0  |8 General  |9 43955  |a BC  |b BC  |c General  |d 2017-08-03  |l 1  |o CD-198  |p 10618  |r 2019-09-23 00:00:00  |s 2019-07-23  |t 3  |w 2017-08-03  |y BK 
952 |0 0  |1 0  |4 0  |6 CD_198  |7 0  |8 Hemeroteca  |9 43956  |a BC  |b BC  |c Hemeroteca  |d 2017-08-03  |l 0  |o CD-198  |p 1385972  |r 2017-08-03 00:00:00  |t 4  |w 2017-08-03  |y BK 
952 |0 0  |1 0  |4 0  |6 CD_198  |7 0  |8 Hemeroteca  |9 43957  |a BC  |b BC  |c Hemeroteca  |d 2017-08-03  |l 0  |o CD-198  |p 1385973  |r 2017-08-03 00:00:00  |t 5  |w 2017-08-03  |y BK 
999 |c 22140  |d 22140